000 00643nam a2200241Ia 4500
003 OSt
005 20220918200418.0
006 a|||||r|||| 00| 0
007 ta
008 220917b |||||||| |||| 00| 0 eng d
024 _a88,627
037 _cTextual
040 _aARTS
_cARTS
_beng
041 _2eng
_aeng
082 _aU2.2.N7, K7
100 _aPichamuthu C S
_993917
245 0 _aPhysical geography of India
260 _c1967
490 _aIndia-Theland and people ed by B V Keskar and M S Thacker
650 _aPHYSICAL GEOGRAPHY
942 _hU2.2.N7, K7
_cTEXL
_2CC
999 _c212297
_d212297